000 00495nam a2200205Ia 4500
008 170918s9999 xx 000 0 und d
020 _a9780439389895
050 _bB852 2002
100 _aBridwell, Norman
245 4 _aThe big bad clod /
245 _cby Norman Bridwell.
260 _aNew York :
260 _bScholastic,
260 _c2002
300 _aunpaged :
300 _bcolored illustration ;
300 _c23cm.
300 _eClifford the big red dog.
500 _a120
999 _c343253
_d343253